Navigating non-coding RNA : from biogenesis to therapeutic application /

Bibliographic Details
Corporate Author: ScienceDirect (Online service)
Other Authors: Sztuba-Solinska, Joanna (Editor)
Format: eBook
Language:English
Published: London ; San Diego, CA : Academic Press, [2023]
Subjects:
Online Access:Connect to the full text of this electronic book

MARC

Tag First Indicator Second Indicator Subfields
LEADER 00000cam a2200000 i 4500
001 in00005771815
005 20260327174523.5
006 m o d
007 cr cnu---unuuu
008 230622s2023 enka ob 001 0 eng d
040 |a YDX  |b eng  |e rda  |c YDX  |d OPELS  |d OCLCF  |d YDX  |d OCLCO  |d N$T  |d OCLCL 
020 |a 0323907008  |q electronic book 
020 |a 9780323907002  |q (electronic bk.) 
020 |z 9780323904063 
020 |z 0323904068 
035 |a (OCoLC)1384411661 
050 4 |a QP623  |b .N38 2023 
082 0 4 |a 572.8/8  |2 23/eng/20230705 
049 |a TXAM 
245 0 0 |a Navigating non-coding RNA :  |b from biogenesis to therapeutic application /  |c edited by Joanna Sztuba-Solinska. 
264 1 |a London ;  |a San Diego, CA :  |b Academic Press,  |c [2023] 
300 |a 1 online resource (xii, 436 pages) :  |b color illustrations 
336 |a text  |b txt  |2 rdacontent 
337 |a computer  |b c  |2 rdamedia 
338 |a online resource  |b cr  |2 rdacarrier 
504 |a Includes bibliographical references and index. 
588 |a Description based on online resource; title from digital title page (viewed on August 31, 2023). 
650 0 |a Non-coding RNA. 
650 0 |a Life  |x Origin. 
650 0 |a Non-coding RNA  |x Therapeutic use. 
650 6 |a ARN non codants. 
650 6 |a Vie  |x Origines. 
650 6 |a ARN non codants  |x Emploi en thérapeutique. 
650 7 |a Life  |x Origin  |2 fast 
650 7 |a Non-coding RNA  |2 fast 
655 7 |a Electronic books.  |2 local 
700 1 |a Sztuba-Solinska, Joanna,  |e editor. 
710 2 |a ScienceDirect (Online service) 
776 0 8 |i Print version:  |z 0323904068  |z 9780323904063  |w (OCoLC)1346530902 
856 4 0 |u http://proxy.library.tamu.edu/login?url=https://www.sciencedirect.com/science/book/9780323904063  |z Connect to the full text of this electronic book  |t 0 
955 |a Elsevier ScienceDirect 2026-2027 
994 |a 92  |b TXA 
999 f f |i 2090dfe0-31c3-41da-9754-1c9fe85faf6c  |s 36c57792-202f-4bcf-a352-81894179284d  |t 0 
952 f f |a Texas A&M University  |b College Station  |c Electronic Resources  |s www_evans  |d Available Online  |t 0  |e QP623 .N38 2023  |h Library of Congress classification 
998 f f |a QP623 .N38 2023  |t 0  |l Available Online